Annotation of village studies in Bnagladesh and west bengal : (Record no. 7740)

MARC details
000 -LEADER
fixed length control field 00713nam a22002177a 4500
001 - CONTROL NUMBER
control field BD-DhSAU 7740
003 - CONTROL NUMBER IDENTIFIER
control field BD-DhSAU
005 - DATE AND TIME OF LATEST TRANSACTION
control field 20150528124607.0
008 - FIXED-LENGTH DATA ELEMENTS--GENERAL INFORMATION
fixed length control field 150528b1990 bg a||||r|||| 000 0 eng d
040 ## - CATALOGING SOURCE
Original cataloging agency BD-DhSAU
082 ## - DEWEY DECIMAL CLASSIFICATION NUMBER
Edition number 22
Classification number 304.14125492
Item number ANN
100 ## - MAIN ENTRY--PERSONAL NAME
Personal name Adnan, Shapan
245 ## - TITLE STATEMENT
Title Annotation of village studies in Bnagladesh and west bengal :
Remainder of title a review of socio-economic trends over 1942-88 /
Statement of responsibility, etc. Shapan Adnan.
260 ## - PUBLICATION, DISTRIBUTION, ETC. (IMPRINT)
Place of publication, distribution, etc. Comilla :
Name of publisher, distributor, etc. Bangladesh Academy for Rural Development,
Date of publication, distribution, etc. c1990.
300 ## - PHYSICAL DESCRIPTION
Extent 290 p. :
Other physical details ill. ;
Dimensions 22 cm.
590 ## - Name of Cataloguer
Name of Cataloger joy
650 ## - SUBJECT ADDED ENTRY--TOPICAL TERM
Topical term or geographic name as entry element Extension.
650 ## - SUBJECT ADDED ENTRY--TOPICAL TERM
Topical term or geographic name as entry element Village studies.
Geographic subdivision Bangladesh.
710 ## - ADDED ENTRY--CORPORATE NAME
Corporate name or jurisdiction name as entry element Bangladesh Academy for Rural Development.
942 ## - ADDED ENTRY ELEMENTS (KOHA)
Source of classification or shelving scheme Dewey Decimal Classification
Koha item type Book
Holdings
Withdrawn status Lost status Source of classification or shelving scheme Damaged status Not for loan Collection code Home library Branch Name Shelving location Date acquired Total Checkouts Full call number Barcode Date last seen Price effective from Koha item type
    Dewey Decimal Classification   Not For Loan Reference SAU Library SAU Library Reference 28/05/2015   304.14125492 ANN 31203 28/05/2015 28/05/2015 Book
    Dewey Decimal Classification   Not For Loan Reference SAU Library SAU Library Reference 30/05/2015   304.14125492 ANN 31204 30/05/2015 30/05/2015 Book